000 00471nam a2200181Ia 4500
001 430
005 20260306140517.0
008 260306t2001||||xx |||||||||||||| ||spa||
041 _aESP
082 _a113
_bA181
100 _aAubert, Jean- Marie
_eAUT
245 0 _aFilosofìa de la naturaleza :
_bpropedèutica para una visiòn cristiana del mundo
260 _c2001
300 _a428 páginas :
_c22 cm.
650 _aGEN
654 _aCHU
942 _cLIB
_dJUS
_fJUS
_2ddc
_n
999 _c430
_d430